Economía bancaria (Registro nro. 31154)

Detalles MARC
000 -LEADER
fixed length control field 01052nam a22003017a 4500
003 - CONTROL NUMBER IDENTIFIER
control field OSt
005 - DATE AND TIME OF LATEST TRANSACTION
control field 20260224150733.0
008 - FIXED-LENGTH DATA ELEMENTS--GENERAL INFORMATION
fixed length control field 260224b |||||||| |||| 00| 0 eng d
020 ## - INTERNATIONAL STANDARD BOOK NUMBER
International Standard Book Number 8485855892
037 ## - SOURCE OF ACQUISITION
Stock number Donación
040 ## - CATALOGING SOURCE
Original cataloging agency CO-JMCR
Language of cataloging spa
Transcribing agency CO-JMCR
Modifying agency CO-JMCR
Description conventions rda
041 ## - LANGUAGE CODE
Language code of text/sound track or separate title spa
082 ## - DEWEY DECIMAL CLASSIFICATION NUMBER
Edition number 23
Classification number 332.1
Item number BF7e
100 ## - MAIN ENTRY--PERSONAL NAME
Personal name Freixas, Xavier
Dates associated with a name 1949 -
9 (RLIN) 44540
245 ## - TITLE STATEMENT
Title Economía bancaria
Statement of responsibility, etc. Xavier Freixas, Jean-Charles Rochet ; traducción de María Esther Rabasco y Luis Toharia
246 ## - VARYING FORM OF TITLE
Title proper/short title Microeconomics of banking
260 ## - PUBLICATION, DISTRIBUTION, ETC.
Place of publication, distribution, etc. Barcelona :
Name of publisher, distributor, etc. Banco Bilbao Vizcaya, Antonio Bosch Editor,
Date of publication, distribution, etc. 1997.
300 ## - PHYSICAL DESCRIPTION
Extent 378 páginas :
Other physical details ilustraciones ;
Dimensions 24 cm.
504 ## - BIBLIOGRAPHY, ETC. NOTE
Bibliography, etc. note Incluye bibliografía.
650 ## - SUBJECT ADDED ENTRY--TOPICAL TERM
Topical term or geographic name entry element Bancos
650 ## - SUBJECT ADDED ENTRY--TOPICAL TERM
Topical term or geographic name entry element Economía
650 ## - SUBJECT ADDED ENTRY--TOPICAL TERM
Topical term or geographic name entry element Operaciones bancarias
9 (RLIN) 38924
650 ## - SUBJECT ADDED ENTRY--TOPICAL TERM
Topical term or geographic name entry element Regulación bancaria
9 (RLIN) 44541
700 ## - ADDED ENTRY--PERSONAL NAME
Personal name Rabasco Espariz, María Esther,
Dates associated with a name Traductor.
9 (RLIN) 44542
700 ## - ADDED ENTRY--PERSONAL NAME
Personal name Rochet, Jean-Charles.
Dates associated with a name traductor.
9 (RLIN) 44543
700 ## - ADDED ENTRY--PERSONAL NAME
Personal name Toharia Cortés Luis,
Dates associated with a name traductor.
9 (RLIN) 44544
942 ## - ADDED ENTRY ELEMENTS (KOHA)
Source of classification or shelving scheme Dewey Decimal Classification
Koha item type Books
Existencias
Withdrawn status Lost status Source of classification or shelving scheme Damaged status Not for loan Collection code Home library Current library Shelving location Date acquired Source of acquisition Total Checkouts Full call number Barcode Date last seen Copy number Price effective from Koha item type
    Dewey Decimal Classification     Non-fiction Biblioteca Pública José María del Castillo y Rada Biblioteca Pública José María del Castillo y Rada Book Cart 02/24/2026 Donación   332.1 BF7e 201812517 02/24/2026 Ej.1 02/24/2026 Books